01181nam a2200241 a 4500090001600000041000800016100002500024110008600049245007600135260005300211300001000264520038500274650002600659650002500685650001600710650002300726650002300749662007300772700002700845700002700872700002500899999001500924 aIAVHb00676 aspa aBravo, Gustavo94760 bUnidad Administrativa Especial del Sistema de Parques Nacionales Naturales922329 aAvifauna del Santuario de Fauna y Flora El Corchal del Mono Hernández aBogotábInstituto Alexander von Humboldtc2004 a17 p. aEste es el resultado de un proyecto que tenía como objetivo realizar un inventario preliminar de la avifauna del SFF El Corchal del Mono Hernández.Se buscaba además confirmar la presencia en el santuario del chavarrí, Chauna chavaria y del chamón del Caribe, Molothrus armenti, especies amenazadas a nivel nacional y hacer un diagnóstico preliminar de sus poblaciones. aConservación992401 aBiodiversidad992204 aAves992429 aInventarios992201 aPoblaciones992583 aColombiacSantuario de Flora y Fauna El Corchal del Mono Hernández aForero, Fernando91984 aSierra, Socorro992584 aGamba, Javier992585 c6177d6177